000 00913nam a22002897a 4500
003 CHAP
005 20220329133905.0
008 971013s1955 mx r 00010 spa d
010 _a12316
011 _a13288
035 _a17359
040 _cCHAP
082 0 4 _a917.2016
_bB3
100 0 0 _aBassols Batalla, Angel.
_910728
245 1 _aBibliografía geográfica de México
260 _aMéxico, D. F. :
_bDirección General de Geografía y Meteorología,
_c1955
300 _a652 p.
590 _aBATCH-UPD
_b10
_c20130110
_lUCH01
_h2251
590 _aBATCH-UPD
_b10
_c20130410
_lUCH01
_h1545
590 _aBATCH-UPD
_b10
_c20130914
_lUCH01
_h1536
590 _aCONVERSION
_b10
_c20130109
_lUCH01
_h1308
650 1 4 _aGeografía
_xBibliografía.
_947544
650 1 4 _aMéxico
_xGeografía
_xBibliografía.
_976749
901 _aBK
942 _cLIBRO
949 _a917.2016 B3
_bBC
_cMUT
_d-41021
_eMUT
_h31080
_i17359
_si
999 _c12316
_d12316